Представление документа в формате MARC21

Поле Инд. ПП Название Значение
Тип записи a
Библиографический уровень m
001 Контрольный номер c6683fd4-3528-467b-9506-d8bd070d86c8
005 Дата корректировки 20131112040146.7
008 Кодируемые данные 960426 d
020 c Цена, тираж 1-40
040 a Служба первич. каталог. НБ ТвГУ
041 a Код языка текста rus
080 a Индекс УДК 535(075.8)
084 a Индекс другой классификации/Индекс ББК В34я731-1
090 x Авторский знак М33
a Полочн. индекс В34я73
100 1_ a Автор Матвеев Алексей Николаевич
245 10 a Заглавие Оптика
b Продолж. заглавия [Учеб. пособие для физ. спец. вузов]
c Ответственность А. Н. Матвеев
260 0_ a Место издания Москва
b Издательство Высшая школа
c Дата издания 1985
300 a Объем 351 с.
b Иллюстрации/ тип воспроизводства ил.
504 a Библиография Предм. указ.: с.348-351.
650 a Основная рубрика Оптика
x Основная подрубрика Учебники для вузов
653 a Ключевые слова Оптика
a Ключевые слова Учебники
852 t Порядковый номер экземпляра 24
p Инвентарный номер 616419
p Инвентарный номер 547099
p Инвентарный номер 547100
p Инвентарный номер 547101
p Инвентарный номер 547102
p Инвентарный номер 547103
p Инвентарный номер 3843 - 18 экз.
930 a Новая/Ретро учебники
954 a Дата поступления на обработку 20011201
999 a Подразделение 2 Фил3